[Event "2nd K41 Int"]
[Site "Copenhagen DEN"]
[Date "2005.04.08"]
[Round "7"]
[White "Pedersen,Da"]
[Black "Kongsted,H"]
[Result "1/2-1/2"]
[WhiteElo "2358"]
[BlackElo "2236"]

1.d4 Nf6 2.c4 e6 3.Nc3 Bb4 4.Qc2 O-O 5.a3 Bxc3+ 6.Qxc3 Ne4 7.Qc2 f5 8.e3 b6
9.Nf3 Bb7 10.Nd2 c5 11.Nxe4 Bxe4 12.Qd2 f4 13.b4 d5 14.f3 fxe3 15.Qxe3 cxd4
16.Qxd4 Nc6 17.Qd2 Bg6 18.cxd5 exd5 19.Bb5 Qh4+ 20.Qf2 Rae8+ 21.Kf1 Qe7 22.Bb2 Rc8
23.Re1 Be4 24.Kg1 Qf7 25.Qg3 Bf5 26.Ba6 Rce8 27.Kf2 d4 28.Rc1 Ne5 29.Rhd1 Qa2
30.Rd2 Bd3 31.Rc7 Rf7 32.Rxf7 Kxf7 33.Qf4+ Kg8 34.Bxd3 Nxd3+ 35.Rxd3 Qxb2+
36.Qd2 Qxd2+ 37.Rxd2 Re3 38.Ra2 Kf7 39.a4 Rb3 40.a5 Rxb4 41.axb6 axb6 42.Ke2 Ke6
43.h4 Kd5 44.g4 h6 45.h5 Ke5 46.Ra7 Rb2+ 47.Kd3 Rb3+ 48.Ke2 Kf6 49.Rd7 Rb2+
50.Kd3 Rb3+ 51.Ke2 Re3+ 52.Kf2 Re6 53.Rxd4 b5 54.Rf4+ Ke7 55.Rb4 Re5 56.Kg3 Kd6
57.Kf4 Rd5 58.Ke4 Re5+ 59.Kf4 Rd5 60.Rb2 Kc5 61.Ke4 Rd7 62.Kf5 b4 63.Kg6 Kc4
64.f4 Kc3 65.Rb1 b3 66.f5 Kc2 67.Rxb3 Kxb3 68.f6 gxf6 69.Kxh6 Rd4 70.g5 f5
71.g6 f4 72.g7 Rd8 73.Kh7 f3 74.g8=Q+ Rxg8 75.Kxg8 f2 76.h6 f1=Q 77.h7 Qg2+
78.Kh8 Qh3 79.Kg7 Qg4+ 80.Kh8 Qh5 81.Kg7 Qg5+ 82.Kh8 Qg6  1/2-1/2

[Event "FSIM April"]
[Site "Budapest HUN"]
[Date "2005.04.09"]
[Round "8"]
[White "Fodor,T jr"]
[Black "Cherniack,A"]
[Result "0-1"]
[WhiteElo "2269"]
[BlackElo "2238"]

1.d4 Nf6 2.c4 e6 3.Nc3 Bb4 4.Qc2 O-O 5.Nf3 d5 6.cxd5 exd5 7.Bg5 h6 8.Bh4 c5
9.e3 Nc6 10.a3 Bxc3+ 11.Qxc3 g5 12.Bg3 Ne4 13.Qc1 Qa5+ 14.Kd1 cxd4 15.b4 Qa4+
16.Qc2 Qxc2+ 17.Kxc2 Bf5 18.Kb2 dxe3 19.fxe3 Nxg3 20.hxg3 Kg7 21.Bb5 Ne7
22.Rac1 Rac8 23.Nd4 Be4 24.Bd7 Rc4 25.Rhg1 Rd8 26.Bg4 Kg6 27.Rgd1 Bxg2 28.Rxc4 dxc4
29.Be2 Nf5 30.Nxf5 Rxd1 31.Ne7+ Kf6 32.Ng8+ Kg7 33.Bxd1 Kxg8 34.Kc3 Bd5 35.Kd4 Be6
36.Bf3 b6 37.a4 Kg7 38.a5 bxa5 39.bxa5 g4 40.Bd1 Kf6 41.e4 h5 42.Bc2 Kg5
43.Ke3 h4 44.Kf2 h3 45.Bb1  0-1

[Event "FSIM April"]
[Site "Budapest HUN"]
[Date "2005.04.10"]
[Round "9"]
[White "Fodor,I2"]
[Black "Khadempour,F"]
[Result "1-0"]
[WhiteElo "2150"]
[BlackElo "2225"]

1.d4 Nf6 2.c4 e6 3.Nc3 Bb4 4.Qc2 O-O 5.a3 Bxc3+ 6.Qxc3 Ne4 7.Qc2 f5 8.Nh3 d6
9.f3 Nf6 10.e3 e5 11.dxe5 dxe5 12.Nf2 Nc6 13.Bd2 a5 14.Be2 a4 15.Bc3 Nd7
16.O-O Qe7 17.Nd3 Nb6 18.Bd2 Be6 19.Nb4 Na5 20.Nd5 Qd6 21.Rad1 Nxd5 22.cxd5 Qxd5
23.Qxa4 Nb3 24.Qb4 c5 25.Qc3 c4 26.Be1 Qc5 27.Bg3 Ra5 28.Bf2 Qc6 29.Qb4 Ra6
30.Qe7 Qc8 31.Bg3 f4 32.exf4 Nd4 33.Rd2 Nf5 34.Qb4 Ne3 35.Rc1 exf4 36.Bf2 Rc6
37.Rd4 Nd5 38.Qd2 c3 39.bxc3 Nxc3 40.Re1 Qc7 41.Bf1 h6 42.h3 Kh8 43.Rxe6 Rxe6
44.Rc4 Rc6 45.Qxc3 Rxc4 46.Qxc4 Qa5 47.Qb4 Ra8 48.Qxf4 Qxa3 49.Bd4 Kh7 50.Qf5+ Kh8
51.Bd3 Qc1+ 52.Kh2 Kg8 53.Qh7+ Kf7 54.Qxg7+ Ke6 55.Bf5+ Kd5 56.Qd7+ Kc4 57.Qc7+  1-0

[Event "ch-RUS u18"]
[Site "Nojabrsk RUS"]
[Date "2005.04.11"]
[Round "6"]
[White "Fatkulin,A"]
[Black "Bratkovskiy,D"]
[Result "1/2-1/2"]
[WhiteElo "2235"]
[BlackElo "2224"]

1.d4 Nf6 2.c4 e6 3.Nc3 Bb4 4.Qc2 O-O 5.Nf3 d5 6.cxd5 exd5 7.Bg5 Nbd7 8.e3 h6
9.Bh4 Re8 10.Bd3 c6 11.O-O Bd6 12.Rac1 a6 13.Rfe1 Qc7 14.e4 Bf4 15.Rcd1 g5
16.Bg3 Bxg3 17.hxg3 dxe4 18.Nxe4 Nxe4 19.Bxe4 Nf6 20.Bh7+ Kg7 21.Rxe8 Nxe8
22.Re1 Nf6 23.Bd3 Be6 24.Qd2 g4 25.Nh4 Qd7 26.Qf4 Rd8 27.Bf5 Qxd4 28.Bxe6 Qxf4
29.gxf4 fxe6 30.Rxe6 Kf7  1/2-1/2

[Event "TCh-BEL 2004-5"]
[Site "Belgium BEL"]
[Date "2005.04.15"]
[Round "9"]
[White "L'Ami,E"]
[Black "Hauchard,A"]
[Result "1/2-1/2"]
[WhiteElo "2531"]
[BlackElo "2487"]

1.d4 Nf6 2.c4 e6 3.Nc3 Bb4 4.Qc2 O-O 5.a3 Bxc3+ 6.Qxc3 b6 7.Bg5 Bb7 8.f3 h6
9.Bh4 d5 10.e3 Nbd7 11.Nh3 c5 12.cxd5 cxd4 13.Qxd4 e5 14.Qd1 Bxd5 15.Be2 Be6
16.Nf2 Nc5 17.Nd3 Bb3 18.Qd2 Nxd3+ 19.Qxd3 Qxd3 20.Bxd3 Rac8 21.Ke2 Bc4 22.Rhc1 Bxd3+
23.Kxd3 Rfd8+ 24.Ke2 Kf8 25.a4 Ke7 26.e4 Ke6 27.Bf2 Ne8 28.a5 Nd6 29.axb6 axb6
30.b3 Rxc1 31.Rxc1 Rc8 32.Rxc8 Nxc8 33.Be1 Ne7 34.Kd3 b5 35.Bb4  1/2-1/2

[Event "Open"]
[Site "Metz FRA"]
[Date "2005.04.18"]
[Round "3"]
[White "Barsov,A"]
[Black "Brunner,N"]
[Result "1/2-1/2"]
[WhiteElo "2517"]
[BlackElo "2319"]

1.d4 Nf6 2.c4 e6 3.Nc3 Bb4 4.Qc2 O-O 5.a3 Bxc3+ 6.Qxc3 d6 7.Bg5 Nbd7 8.Nf3 b6
9.Nd2 Bb7 10.f3 h6 11.Bh4 c5 12.e4 Re8 13.Bd3 e5 14.d5 Nxe4 15.Bxd8 Nxc3
16.Bc7 e4 17.fxe4 Nxe4 18.Nxe4 Nf6 19.O-O Nxe4 20.Rfe1 Rac8 21.Bxb6 axb6
22.Rxe4 Rxe4 23.Bxe4 g6 24.Bd3 Ra8 25.Kf2 Bc8 26.Ke3 Bd7 27.Kd2 f5 28.Rf1 Kg7
29.h4 Rf8 30.g3  1/2-1/2

[Event "Open"]
[Site "Metz FRA"]
[Date "2005.04.20"]
[Round "5"]
[White "Barsov,A"]
[Black "Szymanski,M"]
[Result "1/2-1/2"]
[WhiteElo "2517"]
[BlackElo "2422"]

1.d4 Nf6 2.c4 e6 3.Nc3 Bb4 4.Qc2 O-O 5.a3 Bxc3+ 6.Qxc3 Ne4 7.Qc2 f5 8.e3 b6
9.Ne2 Bb7 10.f3 Nd6 11.b3 c5 12.dxc5 bxc5 13.Qd2 Ne8 14.Bb2 d6 15.Nf4 Qe7
16.Be2 Nd7 17.O-O Ndf6 18.b4 e5 19.Nd3 e4 20.Nf4 Nc7 21.Rab1 Bc6 22.Bxf6 Qxf6
23.Nd5 Bxd5 24.cxd5 exf3 25.Rxf3 Rab8 26.Bd3 cxb4 27.Rxb4 Rxb4 28.Qxb4 g6
29.g4 Kg7 30.gxf5 Nxd5 31.Qd4 Nb6 32.a4 Qe5 33.a5 Qxd4 34.exd4 Nd5 35.Rg3  1/2-1/2

[Event "7th Rector Cup"]
[Site "Kharkiv UKR"]
[Date "2005.04.23"]
[Round "4"]
[White "Zakhartsov,V"]
[Black "Shalimov,V UKR"]
[Result "1-0"]
[WhiteElo "2518"]
[BlackElo "2457"]

1.d4 Nf6 2.c4 e6 3.Nc3 Bb4 4.Qc2 O-O 5.a3 Bxc3+ 6.Qxc3 b6 7.Bg5 Bb7 8.e3 d6
9.f3 Nbd7 10.Bd3 c5 11.Ne2 Rc8 12.Qb3 h6 13.Bh4 cxd4 14.exd4 d5 15.O-O dxc4
16.Bxc4 Nb8 17.Qd3 Bd5 18.Bxd5 Qxd5 19.Bxf6 gxf6 20.Nc3 Qc4 21.Qe3 Kg7 22.Rad1 Nd7
23.f4 f5 24.Qg3+ Kh7 25.Qh4 Qc7 26.d5 Qd8 27.Qh3 Qc7 28.Qh4 Qd8 29.Qf2 Qe7
30.Rfe1 Nf6 31.Qd4 Rg8 32.Re2 Rg6 33.dxe6 fxe6 34.Qd6 Re8 35.Qc6 Qg7 36.Rdd2 Re7
37.Rd6 Ne8 38.Rd8 Nf6 39.Kf1 Ng4 40.h3 Nf6 41.Rd6 Nh5 42.Rf2 Rc7 43.Qf3 Ng3+
44.Kg1 Qf8 45.Rfd2 Rcg7 46.Kh2 Qf6 47.Kg1 Qh4 48.Rd7 Nh5 49.Ne2 Qe1+ 50.Kh2 Nf6
51.Rd1 Qa5 52.Rxg7+ Rxg7 53.Nc3 Qc5 54.Rd2 Qc4 55.Qe3 Nh5 56.Ne2 b5 57.Rd6 Rg6
58.Qxa7+ Ng7 59.Qe3 h5 60.Nd4 Qf1 61.Qf3 Qc1 62.b4 Qc4 63.Nc6 Qc1 64.Rd7 Rh6
65.Ne5 h4 66.Nf7 Rg6 67.Ng5+ Kh6 68.Qf2 Rxg5 69.Qxh4+  1-0

[Event "7th Rector Cup"]
[Site "Kharkiv UKR"]
[Date "2005.04.25"]
[Round "6"]
[White "Zakhartsov,V"]
[Black "Zubarev,Al1"]
[Result "1/2-1/2"]
[WhiteElo "2518"]
[BlackElo "2514"]

1.d4 Nf6 2.c4 e6 3.Nc3 Bb4 4.Qc2 O-O 5.a3 Bxc3+ 6.Qxc3 b6 7.Bg5 Bb7 8.e3 d6
9.f3 Nbd7 10.Bd3 c5 11.Ne2 Rc8 12.Qb3 cxd4 13.exd4 Ba6 14.Rc1 h6 15.Bxf6  1/2-1/2

[Event "2nd Open"]
[Site "Porto Carras GRE"]
[Date "2005.04.27"]
[Round "8"]
[White "Pavlidou,E"]
[Black "Kanakaris,G"]
[Result "0-1"]
[WhiteElo "1903"]
[BlackElo "2081"]

1.d4 Nf6 2.c4 e6 3.Nc3 Bb4 4.Qc2 O-O 5.e3 b6 6.Be2 Bb7 7.Bf3 Bxc3+ 8.bxc3 d5
9.cxd5 exd5 10.Ne2 Nbd7 11.O-O Re8 12.Ng3 c5 13.Qe2 Qc7 14.Bb2 Ne4 15.Bxe4 dxe4
16.Nh5 Re6 17.Nf4 Rh6 18.c4 Re8 19.Rfd1 Nf6 20.d5 Qd6 21.a4 Bc8 22.Rdb1 g5
23.Bxf6 gxf4 24.Bg5 f3 25.Bf4 Qxf4 26.exf4 fxe2 27.Rb2 Rf6 28.g3 Bg4 29.h3 Bf3
30.Rb3 Rh6 31.h4 Rd8 32.Re3 a6 33.Kh2 Kg7 34.Kh3 b5 35.axb5 axb5 36.g4 bxc4
37.g5 Rhd6 38.f5 h5 39.f6+ Kg6 40.Rc1 Rxd5 41.Rxc4 Rd3  0-1

[Event "SME Open"]
[Site "Ostrava CZE"]
[Date "2005.04.30"]
[Round "1"]
[White "Likavsky,T"]
[Black "Ling,B"]
[Result "1-0"]
[WhiteElo "2459"]
[BlackElo "2090"]

1.d4 Nf6 2.c4 e6 3.Nc3 Bb4 4.Qc2 O-O 5.a3 Bxc3+ 6.Qxc3 d5 7.Nf3 Nc6 8.Bg5 b6
9.e3 Bb7 10.cxd5 Qxd5 11.Bc4 Qf5 12.Bd3 Qd5 13.Bxf6 gxf6 14.O-O Rac8 15.Qc2 Qh5
16.Be4 Nd8 17.Bxb7 Nxb7 18.Qe4 Nd6 19.Qf4 Qf5 20.Qxf5 Nxf5 21.Rac1 c5 22.dxc5 Rxc5
23.Rxc5 bxc5 24.Rc1 Rb8 25.Rc2 Nd6 26.Nd2 Rb5 27.Kf1 Kf8 28.Ke2 c4 29.Kd1 Rb8
30.Kc1 Rc8 31.e4 Ke7 32.Rc3 e5 33.Kc2 Rg8 34.Rg3 Rxg3 35.hxg3 Kd7 36.Kc3 Kc6
37.Kb4 f5 38.exf5 Nxf5 39.Kxc4 Nd6+ 40.Kd3 Kd5 41.g4 e4+ 42.Ke3 Ke5 43.f4+ Kd5
44.b3 f6 45.Nb1  1-0

[Event "23rd Liechtenstein Open"]
[Site "Triesen LIE"]
[Date "2005.04.30"]
[Round "2"]
[White "Boegli,U"]
[Black "Kelecevic,N"]
[Result "0-1"]
[WhiteElo "2034"]
[BlackElo "2390"]

1.d4 Nf6 2.c4 e6 3.Nc3 Bb4 4.Qc2 O-O 5.a3 Bxc3+ 6.Qxc3 b5 7.cxb5 c6 8.Bg5 cxb5
9.e3 Bb7 10.Nf3 a6 11.Bd3 Nc6 12.O-O Rc8 13.Qd2 Ne7 14.Rac1 Ng6 15.Rxc8 Qxc8
16.Bxf6 gxf6 17.Bxg6 hxg6 18.Rc1 Qb8 19.Ne1 Kg7 20.f3 Rh8 21.g3 Rc8 22.e4 Rxc1
23.Qxc1 d5 24.exd5 Bxd5 25.Qc5 g5 26.Kf2 Qh8 27.Kg1 Qh7 28.Qc3 g4 29.b4 Qb1
30.Kf2 Qa2+ 31.Kg1 Qe2 32.fxg4 Bc4 33.h4 Qf1+  0-1

[Event "Open A"]
[Site "Djakovo CRO"]
[Date "2005.05.03"]
[Round "4"]
[White "Doric,D"]
[Black "Fucak,E"]
[Result "1/2-1/2"]
[WhiteElo "2368"]
[BlackElo "2309"]

1.d4 e6 2.c4 Nf6 3.Nc3 Bb4 4.Qc2 O-O 5.a3 Bxc3+ 6.Qxc3 b6 7.Bg5 Bb7 8.e3 d6
9.f3 Nbd7 10.Nh3 Re8 11.Be2 Nf8 12.O-O h6 13.Bh4 Ng6 14.Bg3 a5 15.b4 e5 16.d5 e4
17.f4 axb4 18.axb4 b5 19.Qb3 bxc4 20.Bxc4 Qd7 21.Rfd1  1/2-1/2

[Event "62nd ch-POL"]
[Site "Poznan POL"]
[Date "2005.05.03"]
[Round "12"]
[White "Grabarczyk,M"]
[Black "Jaracz,P"]
[Result "1-0"]
[WhiteElo "2487"]
[BlackElo "2530"]

1.d4 Nf6 2.c4 e6 3.Nc3 Bb4 4.Qc2 O-O 5.a3 Bxc3+ 6.Qxc3 d6 7.Nf3 b6 8.g3 Bb7
9.Bg2 Nbd7 10.b4 c5 11.O-O Qe7 12.Bb2 Rfc8 13.dxc5 dxc5 14.b5 a6 15.a4 a5
16.Rad1 Rd8 17.Rd3 Ne8 18.Rfd1 Be4 19.R3d2 Nf8 20.Ne5 Bxg2 21.Kxg2 Rxd2 22.Rxd2 f6
23.Nc6 Qf7 24.f4 h5 25.Qf3 Rc8 26.Qe4 Rc7 27.Rd8 Rd7 28.Rb8 Nd6 29.Qc2 e5
30.fxe5 Nxc4 31.Bc1 fxe5 32.Bg5 Nd6 33.Rxb6 h4 34.Rb8 Qd5+ 35.Kg1 Ne4 36.Ne7+ Rxe7
37.Bxe7 Qd4+ 38.e3 Qa1+ 39.Kg2 h3+ 40.Kf3 Qf1+ 41.Kxe4 Qg2+ 42.Kd3  1-0

[Event "ch-FRA Top 16 Poule Basse"]
[Site "Port Barcares FRA"]
[Date "2005.05.04"]
[Round "8"]
[White "Flear,G"]
[Black "Wirig,A"]
[Result "1-0"]
[WhiteElo "2475"]
[BlackElo "2409"]

1.d4 Nf6 2.c4 e6 3.Nc3 Bb4 4.Qc2 O-O 5.a3 Bxc3+ 6.Qxc3 b6 7.Bg5 Bb7 8.e3 d6
9.Ne2 Nbd7 10.Qd3 Ba6 11.Nc3 d5 12.Qd1 Bxc4 13.Bxc4 dxc4 14.Qa4 c5 15.Qxc4 cxd4
16.Qxd4 Nc5 17.Bxf6 Qxf6 18.Qxf6 gxf6 19.Ke2 Rfd8 20.Rhd1 Nb3 21.Rxd8+ Rxd8
22.Rd1 Rxd1 23.Kxd1 Na5 24.Kc2 Kf8 25.Nb5 Nc6 26.g4 Ke7 27.Kc3 a6 28.Nd4 Ne5
29.h3 Kd6 30.f4 Nd7 31.b4 b5 32.Kd3 Nb6 33.Nb3 Na4 34.Kd4 e5+ 35.Ke4 Ke6
36.Nd2 Nb2 37.h4 h6 38.h5 Nd1 39.Nb3 Nc3+ 40.Kd3 Nb1 41.Nc5+ Ke7 42.Nxa6 Nxa3
43.Nc7 Kf8 44.Nd5 Kg7 45.Nb6 f5 46.gxf5 exf4 47.exf4 Kf6 48.Ke4 Ke7 49.Nd5+ Kd6
50.Ne3 Kc6 51.Kd3 Kd6 52.Kc3 f6 53.Ng4 Nc4 54.Kd4 Na3 55.Nxh6 Nc2+ 56.Kc3 Ne3
57.Ng8 Nxf5 58.h6 Nh4 59.f5  1-0

[Event "ch-FRA Top 16 Poule Haute"]
[Site "Port Barcares FRA"]
[Date "2005.05.04"]
[Round "8"]
[White "Nikolaidis,I"]
[Black "Pinter,J"]
[Result "1/2-1/2"]
[WhiteElo "2533"]
[BlackElo "2535"]

1.d4 Nf6 2.c4 e6 3.Nc3 Bb4 4.Qc2 O-O 5.a3 Bxc3+ 6.Qxc3 b6 7.Bg5 Bb7 8.e3 d6
9.Ne2 Nbd7 10.Qd2 h6 11.Bh4 Ne4 12.Bxd8 Nxd2 13.Bxc7 Nxc4 14.Nc3 Rfc8 15.Nb5 Ba6
16.Bxc4 Bxb5 17.Bxb5 Rxc7 18.Bxd7 Rxd7 19.Rc1 Rdd8 20.Ke2 Rac8 21.d5 Kf8
22.dxe6  1/2-1/2

[Event "ch-FRA National 1"]
[Site "Lille FRA"]
[Date "2005.05.05"]
[Round "8"]
[White "Chaumont,A"]
[Black "Hisleur,G"]
[Result "1-0"]
[WhiteElo "2047"]
[BlackElo "1945"]

1.d4 e6 2.c4 Nf6 3.Nc3 Bb4 4.Qc2 O-O 5.Nf3 b6 6.Bg5 Bb7 7.e3 Be7 8.Be2 d6
9.O-O Nbd7 10.Nd2 Ne8 11.Bxe7 Qxe7 12.e4 f5 13.d5 fxe4 14.Qxe4 e5 15.f4 Nef6
16.Qe3 a6 17.b4 Rae8 18.f5 Rf7 19.Nde4 Nxe4 20.Nxe4 Ref8 21.Qh3 c6 22.Bh5 cxd5
23.Bxf7+ Rxf7 24.cxd5 Bxd5 25.Qd3 Bxe4 26.Qxe4 Nf6 27.Qa8+ Rf8 28.Qxa6 Qd8
29.Rac1 Nd5 30.Qc4  1-0

[Event "ch-FRA National 1"]
[Site "Lille FRA"]
[Date "2005.05.05"]
[Round "8"]
[White "Pham Minh Hoang"]
[Black "Lepelletier,B"]
[Result "0-1"]
[WhiteElo "2455"]
[BlackElo "2445"]

1.d4 Nf6 2.c4 e6 3.Nc3 Bb4 4.Qc2 O-O 5.a3 Bxc3+ 6.Qxc3 d6 7.Bg5 Nbd7 8.e3 e5
9.Bd3 Re8 10.Ne2 Nf8 11.dxe5 dxe5 12.O-O-O Qe7 13.Bc2 h6 14.Bh4 Ng6 15.Bg3 Nh5
16.f3 Nxg3 17.hxg3 Be6 18.Rh5 Qc5 19.Nf4 Nxf4 20.gxf4 Qxc4 21.Qxc4 Bxc4 22.fxe5 Rad8
23.Rd4 Be6 24.Ra4 a6 25.Rd4 Kf8 26.Kd2 c5 27.Rd6 Ke7 28.Rxd8 Rxd8+ 29.Kc3 b5
30.Rh4 a5 31.Bd3 b4+ 32.axb4 g5 33.Rxh6 cxb4+ 34.Kc2 a4 35.Rh1 Bb3+  0-1

[Event "ch-FRA Top 16 Poule Basse"]
[Site "Port Barcares FRA"]
[Date "2005.05.05"]
[Round "9"]
[White "Van der Stricht,G"]
[Black "Rotstein,A"]
[Result "1/2-1/2"]
[WhiteElo "2421"]
[BlackElo "2551"]

1.d4 Nf6 2.c4 e6 3.Nc3 Bb4 4.Qc2 O-O 5.a3 Bxc3+ 6.Qxc3 d6 7.Bg5 Nbd7 8.e3 b6
9.Bd3 Bb7 10.f3 c5 11.dxc5 Nxc5 12.Bc2 e5 13.Ne2 Rc8 14.O-O Ba6 15.Rfd1 Ne6
16.Bxf6 Qxf6 17.b3 Rfd8 18.Qd3 g6 19.Nc3 Qg5 20.Qe2 f5 21.a4 Bb7 22.a5 f4
23.Be4 Bxe4 24.Nxe4 Qe7 25.axb6 axb6 26.Ra6 Rc6 27.exf4 Nxf4 28.Qa2 Kg7 29.b4 Rdc8
30.Ra7 R8c7 31.Rxc7 Qxc7 32.g3 Ne6 33.c5 Nd4 34.Nxd6 Rxd6 35.cxd6 Qxd6 36.Qf2 Qxb4
37.f4 Qb3 38.Rf1 Nf5 39.fxe5 h5 40.Qd2 Qe6 41.Qb2 h4 42.Qc3 hxg3 43.hxg3 b5
44.Qc7+ Kh6 45.Qc5 Qb3 46.Qf2 Kh7 47.Re1 Qe6 48.Qf4 Kg7 49.Re2 b4 50.Rf2 b3
51.g4 Nh6 52.Qf6+ Qxf6 53.exf6+ Kf8 54.g5 Nf7 55.Rb2 Nxg5 56.Rxb3 Kf7 57.Rb6 Ne6  1/2-1/2

[Event "23rd Liechtenstein Open"]
[Site "Triesen LIE"]
[Date "2005.05.06"]
[Round "8"]
[White "Peelen,P"]
[Black "Kohlweyer,B"]
[Result "0-1"]
[WhiteElo "2358"]
[BlackElo "2429"]

1.d4 Nf6 2.c4 e6 3.Nc3 Bb4 4.Qc2 O-O 5.a3 Bxc3+ 6.Qxc3 b6 7.Bg5 Bb7 8.f3 h6
9.Bh4 d5 10.cxd5 exd5 11.Bxf6 Qxf6 12.Qxc7 Ba6 13.Qe5 Qg6 14.e3 Qc2 15.Qxd5 Qxb2
16.Qa2 Qc3+ 17.Kf2 Re8 18.Re1 Bxf1 19.Kxf1 Rxe3 20.Ne2 Qa5 21.Kf2 Rxa3 22.Qc4 Nd7
23.Qc6 Rd8 24.Qc7 Qg5 25.Qd6 Nc5  0-1

[Event "ch-FRA National 1"]
[Site "Lille FRA"]
[Date "2005.05.08"]
[Round "11"]
[White "Coursaget,N"]
[Black "Bogdanov,E"]
[Result "1-0"]
[WhiteElo "2325"]
[BlackElo "2250"]

1.d4 Nf6 2.c4 e6 3.Nc3 Bb4 4.Qc2 O-O 5.a3 Bxc3+ 6.Qxc3 b6 7.Nf3 Bb7 8.Bg5 d6
9.Nd2 Nbd7 10.f3 c5 11.e4 Rc8 12.Bd3 h6 13.Bh4 d5 14.exd5 exd5 15.O-O dxc4
16.Nxc4 Ba6 17.Nd6 Bxd3 18.Qxd3 Rc6 19.Nf5 Re8 20.Rad1 c4 21.Qd2 Kh7 22.g4 Rce6
23.g5 Re2 24.Qc1 g6 25.Ng3 hxg5 26.Bxg5 R2e6 27.Qxc4 Qc8 28.Qb3 Kg7 29.Rc1 Qb7
30.Qd3 Nd5 31.Ne4 f5 32.Nc3 Ne3 33.d5 Re5 34.Rfe1 Nc5 35.Qd4 Nb3 36.Qh4 Qf7
37.f4  1-0

[Event "ch-LTU"]
[Site "Siauliai LTU"]
[Date "2005.05.10"]
[Round "4"]
[White "Sakalauskas,V"]
[Black "Butnorius,A"]
[Result "1/2-1/2"]
[WhiteElo "2476"]
[BlackElo "2424"]

1.d4 Nf6 2.c4 e6 3.Nc3 Bb4 4.Qc2 O-O 5.a3 Bxc3+ 6.Qxc3 b6 7.Bg5 Bb7 8.e3 d6
9.Ne2 Nbd7 10.Qd3 Qe7 11.Nc3 Rfe8 12.Be2 h6 13.Bh4 Nf8 14.O-O Ng6 15.Bg3 e5
16.d5 c6 17.dxc6 Bxc6 18.Rfd1 Rad8 19.Nd5 Nxd5 20.cxd5 Bb7 21.Rac1 Rc8 22.Bg4 Rc5
23.Rxc5 bxc5 24.b4 cxb4 25.axb4 Qc7 26.e4 Bc8 27.Be2  1/2-1/2

[Event "ch-LTU"]
[Site "Siauliai LTU"]
[Date "2005.05.10"]
[Round "5"]
[White "Butnorius,A"]
[Black "Novikov,Vi"]
[Result "1-0"]
[WhiteElo "2424"]
[BlackElo "2338"]

1.c4 Nf6 2.Nc3 e6 3.d4 Bb4 4.Qc2 O-O 5.a3 Bxc3+ 6.Qxc3 b6 7.Bg5 Ba6 8.Nf3 d6
9.e3 Nbd7 10.Qc2 c5 11.dxc5 dxc5 12.Be2 Bb7 13.O-O Qe7 14.Rfd1 Rfd8 15.Qa4 h6
16.Bh4 e5 17.Nd2 Qe6 18.Nf1 Bc6 19.Qc2 Nf8 20.f3 Ng6 21.Be1 e4 22.f4 Ne7
23.Rxd8+ Rxd8 24.Rd1 Rxd1 25.Qxd1 Qd7 26.Bc3 Qxd1 27.Bxd1 Nd7 28.g4 Nc8 29.b3 Nd6
30.Nd2 f6 31.h4 Kf7 32.Kf2 a6 33.Bc2 g6 34.Nf1 f5 35.gxf5 Nxf5 36.Ng3 Nxg3
37.Kxg3 Nf6 38.Be5 Ke6 39.Bc7 b5 40.Bb6 Kd6 41.Bd8 Ke6 42.Bd1  1-0

[Event "ch-LTU"]
[Site "Siauliai LTU"]
[Date "2005.05.12"]
[Round "6"]
[White "Sakalauskas,V"]
[Black "Cmilyte,V"]
[Result "1/2-1/2"]
[WhiteElo "2476"]
[BlackElo "2459"]

1.d4 Nf6 2.c4 e6 3.Nc3 Bb4 4.Qc2 O-O 5.a3 Bxc3+ 6.Qxc3 b6 7.Bg5 Ba6 8.e3 d6
9.Bd3 Nbd7 10.Ne2 c5 11.Qc2 h6 12.Bh4 Qc7 13.Qa4 Qb7 14.b4 cxd4 15.Bxf6 Nxf6
16.O-O Qc8 17.Nxd4  1/2-1/2

[Event "CCA-ICC Open"]
[Site "Lake George USA"]
[Date "2005.05.14"]
[Round "6"]
[White "Filippov,Va"]
[Black "Izoria,Z"]
[Result "0-1"]
[WhiteElo "2621"]
[BlackElo "2602"]

1.d4 Nf6 2.c4 e6 3.Nc3 Bb4 4.Qc2 O-O 5.a3 Bxc3+ 6.Qxc3 d6 7.g3 e5 8.dxe5 dxe5
9.Bg2 Re8 10.Nf3 Nc6 11.Be3 a5 12.O-O Qe7 13.Rad1 h6 14.Nd2 a4 15.Ne4 Nxe4
16.Bxe4 Nd4 17.Rfe1 c5 18.f3 f5 19.Bd5+ Be6 20.Bf2 Qf7 21.Bxe6 Rxe6 22.Kg2 Qh5
23.e4 Rf8 24.Bxd4 exd4 25.Qd3 fxe4 26.Rxe4 Rb6 27.g4 Qf7 28.b4 axb3 29.Rb1 Rf6
30.Rxb3 b5 31.Qe2 bxc4 32.Re7 cxb3 33.Rxf7 R6xf7 34.Qb5 c4  0-1

[Event "ch-LTU"]
[Site "Siauliai LTU"]
[Date "2005.05.14"]
[Round "11"]
[White "Sakalauskas,V"]
[Black "Novikov,Vi"]
[Result "1-0"]
[WhiteElo "2476"]
[BlackElo "2338"]

1.d4 Nf6 2.c4 e6 3.Nc3 Bb4 4.Qc2 O-O 5.Bg5 d6 6.e3 Nbd7 7.Bd3 h6 8.Bh4 b6
9.Ne2 Bb7 10.O-O d5 11.cxd5 exd5 12.f3 Be7 13.Rad1 a6 14.Kh1 c6 15.Bf5 Ne8
16.Bxe7 Qxe7 17.Na4 Nef6 18.e4 b5 19.Nac3 Nb6 20.e5 Ne8 21.Ng3 Nc4 22.Qc1 Bc8
23.Bb1 f5 24.exf6 Nxf6 25.Rfe1 Qf7 26.Nce2 Bd7 27.b3 Nd6 28.Qc5 Nb7 29.Qc2 Rfe8
30.Nf4 Rxe1+ 31.Rxe1 Re8 32.Rf1 Nd6 33.Qc5 Qe7 34.Ng6 Qe6 35.Ne5 Nf7 36.Bg6 Nxe5
37.Bxe8 Bxe8 38.Re1 Ne4 39.Nxe4 Nd3 40.Nf6+ Qxf6 41.Rxe8+ Kh7 42.Qf8 Qxf8
43.Rxf8 Nb4 44.Rc8 Nxa2 45.Rxc6 Nb4 46.Rc5 Kg6 47.Kg1 Kf6 48.Kf1  1-0

[Event "ch-UKR sf"]
[Site "Alushta UKR"]
[Date "2005.05.18"]
[Round "3"]
[White "Gasanov,E"]
[Black "Voynov,S"]
[Result "1-0"]
[WhiteElo "2438"]
[BlackElo "2199"]

1.d4 Nf6 2.c4 e6 3.Nc3 Bb4 4.Qc2 O-O 5.e4 Nc6 6.e5 Ne8 7.Nf3 d6 8.a3 Bxc3+
9.Qxc3 f6 10.Be3 fxe5 11.dxe5 Nxe5 12.Nxe5 dxe5 13.Qxe5 Qf6 14.Qxf6 gxf6
15.c5 Ng7 16.Bc4 Re8 17.Ke2 Bd7 18.Bf4 Rac8 19.Rhd1 Kf7 20.g4 Ke7 21.Bh6 Rg8
22.Rd3 Ne8 23.Rad1 Ba4 24.b3 Rg6 25.bxa4 Rxh6 26.Rd7+ Kf8 27.Bxe6 Rb8 28.Rf7+ Kg8
29.Rdd7  1-0

[Event "ch-UKR sf"]
[Site "Alushta UKR"]
[Date "2005.05.19"]
[Round "4"]
[White "Peskov,A"]
[Black "Smirnov,I UKR"]
[Result "0-1"]
[WhiteElo "2362"]
[BlackElo "2439"]

1.d4 Nf6 2.c4 e6 3.Nc3 Bb4 4.Qc2 O-O 5.a3 Bxc3+ 6.Qxc3 b6 7.Bg5 Bb7 8.e3 d6
9.Ne2 Nbd7 10.Qc2 h6 11.Bh4 Rc8 12.Nc3 a6 13.Rd1 Qe7 14.d5 c6 15.dxe6 fxe6
16.Be2 b5 17.O-O d5 18.cxd5 cxd5 19.Qb1 Ne5 20.Rfe1 Qd7 21.Rc1 Nc4 22.Bd3 Nd2
23.Qc2 Nde4 24.Bxf6 Nxf6 25.Bg6 Qe7 26.f4 e5 27.fxe5 Qxe5 28.Qf5 Qd6 29.Ne2 Rxc1
30.Rxc1 Nd7 31.Qh5 Ne5 32.Bb1 Nc4 33.Nd4 Nxe3 34.Re1 Qf6 35.Nf3 d4 36.Qg6 Qxg6
37.Bxg6 Bxf3 38.gxf3 Rxf3 39.Rc1 Kf8 40.Be4 Rf4 41.Bd3 Rg4+ 42.Kh1 Ke7 43.b3 Kd6
44.a4 bxa4 45.bxa4 a5 46.Rb1 Rg5 47.h3 Nd5 48.Kh2 Nb4 49.Bb5 d3 50.Rd1 Rd5
51.Kg3 d2 52.Kf3 Na2 53.Be2 Nc3 54.Rg1 Nxe2 55.Kxe2 d1=Q+  0-1

[Event "48th TCh-SCG"]
[Site "Herceg Novi SCG"]
[Date "2005.05.19"]
[Round "5"]
[White "Marcetic,N"]
[Black "Kovacevic,A"]
[Result "0-1"]
[WhiteElo "2414"]
[BlackElo "2550"]

1.d4 Nf6 2.c4 e6 3.Nc3 Bb4 4.Qc2 O-O 5.a3 Bxc3+ 6.Qxc3 b6 7.Bg5 Bb7 8.f3 h6
9.Bh4 d5 10.e3 Re8 11.Bd3 Nbd7 12.cxd5 Nxd5 13.Bxd8 Nxc3 14.Bh4 Nd5 15.Bf2 e5
16.e4 Nf4 17.Bb5 c6 18.Bf1 f5 19.g3 Ne6 20.O-O-O fxe4 21.fxe4 exd4 22.Bxd4 Nxd4
23.Rxd4 Nf6 24.Bc4+ Kh8 25.Nh3 c5 26.Rdd1 Rxe4 27.Bd3 Rd4 28.Rhe1 Bf3 29.Be2 Rxd1+
30.Bxd1 Bxd1 31.Rxd1 Re8 32.Nf4 Kg8 33.Rd6 Kf7 34.Nd5 Re1+ 35.Kc2 Re2+ 36.Kc3 Ne4+
37.Kd3 Nxd6 38.Kxe2 Nc4 39.Kd3 Nxb2+ 40.Kc3 Nd1+ 41.Kc4 Ke6 42.a4 Nb2+  0-1

[Event "30th Elekes Mem GM"]
[Site "Budapest HUN"]
[Date "2005.05.21"]
[Round "1"]
[White "Nguyen Ngoc Truongson"]
[Black "Hoang Thanh Trang"]
[Result "1/2-1/2"]
[WhiteElo "2527"]
[BlackElo "2470"]

1.d4 e6 2.c4 Nf6 3.Nc3 Bb4 4.Qc2 O-O 5.Nf3 c5 6.a3 Bxc3+ 7.Qxc3 b6 8.Bg5 Bb7
9.e3 h6 10.Bh4 d6 11.Be2 Nbd7 12.Rd1 Ne4 13.Qd3 Qc7 14.Bg3 cxd4 15.Nxd4 Ndc5  1/2-1/2

[Event "TCh-ROM A"]
[Site "Tusnad ROM"]
[Date "2005.05.21"]
[Round "1"]
[White "Filip,L"]
[Black "Berescu,A"]
[Result "1/2-1/2"]
[WhiteElo "2386"]
[BlackElo "2439"]

1.d4 e6 2.c4 Nf6 3.Nc3 Bb4 4.Qc2 O-O 5.a3 Bxc3+ 6.Qxc3 d6 7.Nf3 Nbd7 8.g3 b6
9.Bg2 Bb7 10.O-O c5 11.b3 Rc8 12.Bb2 Qe7 13.Rad1 d5 14.Nd2 Rfd8 15.Rfe1 cxd4
16.Qxd4 e5 17.Qh4 Nc5 18.cxd5 Bxd5 19.Bxd5 Rxd5 20.Nc4 Nxb3 21.Ne3 Rxd1  1/2-1/2

[Event "Open"]
[Site "Znojmo CZE"]
[Date "2005.05.22"]
[Round "9"]
[White "Bartos,J"]
[Black "Kozak,Mi"]
[Result "1/2-1/2"]
[WhiteElo "2293"]
[BlackElo "2257"]

1.d4 Nf6 2.c4 e6 3.Nc3 Bb4 4.Qc2 O-O 5.a3 Bxc3+ 6.Qxc3 b6 7.Bg5 Bb7 8.e3 d6
9.f3 Nbd7 10.Bd3 Rc8 11.Ne2 c5 12.Qd2 Ba6 13.Rc1 Re8 14.O-O Ne4 15.Bxe4 Qxg5
16.f4 Qe7 17.Qc2 Nf6 18.Bd3 cxd4 19.Qa4 Bb7 20.exd4 Bc6 21.Qc2 e5 22.fxe5 dxe5
23.dxe5 Qxe5 24.Ng3 Rcd8 25.Rcd1 h5 26.Qf2 Kh8 27.Rde1 Qd4 28.Rxe8+ Bxe8
29.Qxd4 Rxd4 30.Rd1 Ba4 31.Rd2 Rd7 32.Nf1 g6 33.Be2 Re7 34.Bf3 Bb3 35.Rd6 Kg7
36.Nd2 Bc2  1/2-1/2

[Event "TCh-ARG Magistral AFA"]
[Site "Buenos Aires ARG"]
[Date "2005.05.26"]
[Round "2"]
[White "Anelli,A"]
[Black "Valerga,D"]
[Result "0-1"]
[WhiteElo "2303"]
[BlackElo "2498"]

1.d4 Nf6 2.c4 e6 3.Nc3 Bb4 4.Qc2 O-O 5.a3 Bxc3+ 6.Qxc3 Qe8 7.Qc2 d6 8.Bg5 Nbd7
9.e4 h6 10.Bd2 e5 11.d5 a5 12.b3 Nc5 13.f3 Nh5 14.Be3 f5 15.Bxc5 dxc5 16.Bd3 Nf4
17.exf5 a4 18.b4 cxb4 19.axb4 Qe7 20.c5 Qh4+ 21.Kf1 Nxd3 22.Qxd3 Qxb4 23.g4 Qxc5
24.Ne2 b6 25.Qd2 Bb7 26.Nc3 Qd4 27.Rd1 a3 28.Kg2 a2 29.Qb2 a1=Q 30.Rxa1 Bxd5
31.h3 e4  0-1